Statystyki dla Sąsiedzi tego państwa

Kliknij tutaj aby rozwiązać quiz!

Ogólne statystyki

  • Ten quiz został rozwiązany 48 razy
  • Średni wynik to 27 z 35

Statystyki odpowiedzi

PaństwoSąsiad% Poprawnych
HiszpaniaFrancja
100%
HiszpaniaPortugalia
97%
HiszpaniaAndora
90%
ParagwajBrazylia
87%
Korea PółnocnaChiny
87%
LaosChiny
87%
Korea PółnocnaKorea Południowa
87%
OmanArabia Saudyjska
85%
ParagwajArgentyna
85%
AzerbejdżanArmenia
85%
HiszpaniaMaroko
85%
Korea PółnocnaRosja
85%
AzerbejdżanRosja
85%
LaosTajlandia
85%
MołdawiaUkraina
85%
LaosWietnam
85%
OmanJemen
82%
LaosKambodża
82%
MołdawiaRumunia
82%
OmanZjednoczone Emiraty Arabskie
82%
ParagwajBoliwia
79%
AzerbejdżanGruzja
79%
LesothoRepublika Południowej Afryki
79%
PanamaKolumbia
74%
AzerbejdżanTurcja
74%
AzerbejdżanIran
72%
LaosMjanma
69%
KamerunNigeria
69%
PanamaKostaryka
67%
KamerunKongo
62%
KamerunCzad
51%
KamerunGabon
49%
KamerunGwinea Równikowa
49%
KamerunRepublika Środkowoafrykańska
49%
HiszpaniaGibraltar
44%

Rozkład punktacji

Percentyl według liczby udzielonych odpowiedzi

Procent ludzi z każdym wynikiem

Twoja historia wyników

Nie rozwiązałeś tego quizu